000 01101cam a2200337 i 4500
001 19382411
003 EG-ScBUE
005 20250226105939.0
008 161121t2024 ii a f 001 0 eng d
020 _a9789356963832
035 _a(DNLM)101696410
040 _aDNLM/DLC
_beng
_cDLC
_erda
_dDLC
_dEG-ScBUE
082 0 4 _a610.71
_222
_bCLE
100 1 _aClement, I,
_eauthor.
245 1 0 _aTextbook of educational technology / nursing education :
_bas per rhe revised nursing syllabus /
_cI Clement.
264 1 _aNew Delhi :
_bJaypee Brothers Medical Publishers,
_c[2024]
264 4 _cc2024
300 _axxi, 453 pages :
_billustrations ;
_c29 cm
336 _atext
_2rdacontent
_btxt
337 _aunmediated
_2rdamedia
_bn
338 _avolume
_2rdacarrier
_bnc
500 _aIncludes index.
650 7 _aEducation, Medical
_xmethods.
_2BUEsh
650 7 _aLearning.
_2BUEsh
650 7 _aEducational Technology.
_2BUEsh
653 _cFebruary2025
_bNNUR
655 _vReading book
906 _a7
_bcbc
_corignew
_d1
_eecip
_f20
_gy-gencatlg
942 _2ddc
_cBB
999 _c30935
_d30906